Hacia una sexualidad racional
সংরক্ষণ করুন:
| প্রধান লেখক: | |
|---|---|
| বিন্যাস: | গ্রন্থ |
| ভাষা: | স্প্যানিশ |
| প্রকাশিত: |
Barcelona
Fontanella
1969
|
| মালা: | Sexualidad y Educación, 16
|
| বিষয়গুলি: | |
| ট্যাগগুলো: |
ট্যাগ যুক্ত করুন
কোনো ট্যাগ নেই, প্রথমজন হিসাবে ট্যাগ করুন!
|
MARC
| LEADER | 00000nam a2200000 a 4500 | ||
|---|---|---|---|
| 001 | UCR3146 | ||
| 003 | CL-VaPUC | ||
| 008 | 980123e19690000SP |||||||||||||||||spa|d | ||
| 082 | 0 | 4 | |a 241.6 |b REI |2 21 |
| 100 | 0 | |a Reiss, Ira L |e author |9 401988 | |
| 245 | 1 | 0 | |a Hacia una sexualidad racional |
| 300 | |a 238 p | ||
| 942 | |c BK | ||
| 945 | |d 19980123 00:00:00 |a rleighto | ||
| 260 | |a Barcelona |b Fontanella |c 1969 | ||
| 650 | 0 | |a Comportamiento sexual |9 334955 | |
| 650 | 0 | |a Adolescentes |9 308058 | |
| 650 | 0 | |a Madres solteras |9 328348 | |
| 650 | 7 | |a RELACIONES SEXUALES |2 CL-VaPUC |9 312685 | |
| 650 | 7 | |a RELACIONES PREMATRIMONIALES |2 CL-VaPUC |9 376611 | |
| 583 | |a last modification |c 19980123 00:00:00 |k Rodrigo Vera | ||
| 490 | 0 | |a Sexualidad y Educación, 16 | |
| 999 | |c 266245 |d 266243 | ||
| 952 | |0 0 |1 0 |4 0 |6 241_600000000000000_REI_1969 |7 0 |8 A |9 297660 |a BIBTEO |b BIBTEO |d 2019-11-20 |i 3369250 |o 241.6 REI 1969 |p 3369250 |r 2025-01-17 |w 2019-11-20 |y BK |k ICR | ||